| 000 | 01273nam0a2200313 4500 | ||
|---|---|---|---|
| 001 | RU\NLR\bibl\495716 | ||
| 005 | 20260406163110.0 | ||
| 010 |
_a5-93898-034-8 _92000 |
||
| 021 |
_aRU _b2003-71321 _93533 |
||
| 035 | _a(NLR Aleph) 000488348 | ||
| 090 |
_a1097609 _c1097609 |
||
| 100 | _a20040301d2003 |||y0rusy50 ca | ||
| 101 | 1 |
_arus _clat |
|
| 102 | _aRU | ||
| 105 | _aa ||||||||| | ||
| 200 | 1 |
_aМетаморфозы Овидия _eВ XV кн. _fПер. с лат. яз. Сергея Шервинского _gСт. и примеч. Ольги Бударагиной _gГенеал. схемы царей и ст. богов сост. Михаилом Гаспаровым |
|
| 210 |
_aСПб. _cВита Нова _d2003 |
||
| 215 |
_a508,[3] c. _cил. _d25 |
||
| 225 | 1 |
_aФамильная библиотека _iПарадный зал |
|
| 320 | _aБиблиогр. в подстроч. примеч. | ||
| 320 | _aУказ.: с. 448-493 | ||
| 686 | _aШ5(0)353.1-4Овидий | ||
| 700 | 1 |
_4070 _7ca _8rus _aОвидий Назон _bП. _f43 до н.э.-ок.18 н.э. _gПублий _9119669 _3RU\NLR\AUTH\779870 |
|
| 801 | 0 |
_aRU _bNLR _c20040301 _gPSBO |
|
| 801 | 1 |
_aRU _bNLR _c20040301 |
|
| 942 | _cBOOK | ||
| 980 | _aNB | ||